Térinformációs adatbázis és népi építészet
Elmentve itt :
| Szerző: | |
|---|---|
| Adatforrás: | Meister |
| Forrásdokumentuma: | Művelődés. - 3 sz., 1999, 28 p. |
| Nyelv: | magyar |
| Kulcsszavak: | informatika népi építészet |
| LEADER | 00382nab a2200133 i 4500 | ||
|---|---|---|---|
| 001 | bibPRO00003415 | ||
| 008 | 060524s1999 xx hun | ||
| 040 | |a Sz1 | ||
| 041 | |a hun | ||
| 100 | 1 | |a KIS PAPP László | |
| 245 | 1 | 0 | |a Térinformációs adatbázis és népi építészet |c KIS PAPP László |
| 695 | |a informatika | ||
| 695 | |a népi építészet | ||
| 773 | 0 | |t Művelődés. - |g 3 sz., 1999, 28 p. | |